Načítá se...
Economics botany
| Hlavní autor: | |
|---|---|
| Médium: | Printed Book |
| Jazyk: | Undetermined English |
| Vydáno: |
Meerut
Rastogi
1973
|
| Témata: |
| LEADER | 00487nam a2200157Ia 4500 | ||
|---|---|---|---|
| 008 | 140306s9999 xx 000 0 und d | ||
| 041 | |a eng | ||
| 082 | |a 581.6 |b ASK/EC | ||
| 100 | |a Ashok Kumar | ||
| 245 | |a Economics botany | ||
| 260 | |a Meerut |b Rastogi |c 1973 | ||
| 300 | |a 155 | ||
| 650 | |a Medicinal Plants | ||
| 942 | |2 ddc |c BK | ||
| 999 | |c 120060 |d 120060 | ||
| 952 | |0 0 |1 0 |2 ddc |4 0 |6 581_600000000000000_ASKEC |7 0 |9 119295 |a KAUHCV |b KAUHCV |d 2004-05-06 |o 581.6 ASK/EC |p KAU_HCV-2296 |r 2014-03-22 |w 2014-03-22 |y BK | ||